[Event "Georgetown Rating"]
[Site "Georgetown"]
[Date "2010.07.04"]
[Round "8"]
[White "Nandalall, Shivanand"]
[Black "Greenidge, Ronuel"]
[Result "1-0"]
[WhiteElo "1715"]
[BlackElo "1630"]
[PlyCount "51"]
[EventDate "2010.07.01"]
[EventType "tourn"]
[EventRounds "9"]
[EventCountry "GUY"]
[SourceTitle "EXT 2024"]
[Source "ChessBase"]
[SourceDate "2023.10.10"]
[SourceVersion "1"]
[SourceVersionDate "2023.10.10"]
[SourceQuality "1"]

1. e4 c5 2. f4 Nc6 3. Nf3 g6 4. Bb5 Nd4 5. Nxd4 cxd4 6. 0-0 e6 7. f5 Qc7 8. fxe6 fxe6 9. d3 Bg7 10. Nd2 Ne7 11. Qg4 a6 12. Ba4 b5 13. Bb3 Rf8 14. Nf3 e5 15. Qh4 h6 16. Bd2 d6 17. a4 Bd7 18. axb5 Bxb5 19. Ba5 Qd7 20. Qg3 Rc8 21. Ng5 Nf5 22. exf5 Rxf5 23. Rxf5 Qxf5 24. Be6 Qxg5 25. Qxg5 hxg5 26. Bxc8 1-0

[Event "Georgetown Rating"]
[Site "Georgetown"]
[Date "2010.07.04"]
[Round "7"]
[White "Nandalall, Shivanand"]
[Black "Nathoo, Loris"]
[Result "1-0"]
[WhiteElo "1715"]
[BlackElo "1630"]
[PlyCount "95"]
[EventDate "2010.07.01"]
[EventType "tourn"]
[EventRounds "9"]
[EventCountry "GUY"]
[SourceTitle "EXT 2024"]
[Source "ChessBase"]
[SourceDate "2023.10.10"]
[SourceVersion "1"]
[SourceVersionDate "2023.10.10"]
[SourceQuality "1"]

1. e4 d6 2. d4 Nf6 3. Nc3 g6 4. Bg5 Bg7 5. Qd2 h6 6. Bf4 g5 7. Bg3 Nh5 8. Bc4 Nxg3 9. fxg3 Nc6 10. Nge2 e6 11. 0-0 Qe7 12. Rae1 Bd7 13. Nb5 Kd8 14. c3 Qe8 15. Na3 Kc8 16. g4 Ne7 17. Ng3 Ng8 18. Nh5 Bf8 19. Qf2 Rh7 20. Bd3 e5 21. h3 Be7 22. dxe5 dxe5 23. Nc4 f6 24. Ne3 b6 25. Bc4 Bc5 26. Bxg8 Qxg8 27. Nxf6 Qg7 28. Nxh7 Qxh7 29. b4 Bd6 30. Nf5 Bf8 31. Qd2 Kb7 32. Qd5+ Bc6 33. Qxe5 a5 34. b5 Bc5+ 35. Kh1 Bxb5 36. Rf3 Re8 37. Qg7 Qxg7 38. Nxg7 Rd8 39. Ne6 Be7 40. Nxd8+ Bxd8 41. e5 Be7 42. Rf7 Bc5 43. e6 Bc4 44. Rh7 Bxa2 45. e7 Bxe7 46. Rexe7 Bd5 47. Rxc7+ Ka6 48. c4 1-0

[Event "Georgetown Rating"]
[Site "Georgetown"]
[Date "2010.07.03"]
[Round "5"]
[White "Nandalall, Shivanand"]
[Black "Lee, Hayden"]
[Result "1-0"]
[WhiteElo "1715"]
[BlackElo "1856"]
[PlyCount "131"]
[EventDate "2010.07.01"]
[EventType "tourn"]
[EventRounds "9"]
[EventCountry "GUY"]
[SourceTitle "EXT 2024"]
[Source "ChessBase"]
[SourceDate "2023.10.10"]
[SourceVersion "1"]
[SourceVersionDate "2023.10.10"]
[SourceQuality "1"]

1. e4 c5 2. f4 g6 3. Bc4 Bg7 4. Nf3 Nf6 5. e5 Ng8 6. 0-0 Nh6 7. c3 0-0 8. d4 d5 9. Be2 cxd4 10. cxd4 Nc6 11. Nc3 a6 12. Qb3 e6 13. Be3 Ng4 14. Bd2 b5 15. h3 Nh6 16. Qd1 Nf5 17. Bd3 Ncxd4 18. Rc1 Qb6 19. Kh2 Nxf3+ 20. Qxf3 Bb7 21. Bxf5 exf5 22. Be3 Qe6 23. Bc5 Rfc8 24. Ne2 Bf8 25. Nd4 Qd7 26. b4 a5 27. a3 axb4 28. axb4 Ra4 29. Qd3 Bxc5 30. bxc5 Rc4 31. Nb3 Ra8 32. Qd2 Qc7 33. Ra1 Rxa1 34. Rxa1 g5 35. g3 h5 36. fxg5 h4 37. Re1 hxg3+ 38. Kxg3 d4 39. Nxd4 Qxc5 40. Nxf5 Rc3+ 41. Kg4 Qc4+ 42. Qd4 Qc8 43. e6 Qc4 44. exf7+ Kf8 45. Re8+ Kxf7 46. Nd6+ Kg6 47. Nxc4 Rxc4 48. Qxc4 bxc4 49. h4 c3 50. h5+ Kf7 51. Re1 c2 52. Kf4 Bd5 53. Rc1 Bb3 54. Ke3 Ke6 55. Kd2 Kf5 56. Rg1 Bg8 57. g6 Kf6 58. h6 Bd5 59. g7 Bg8 60. Kxc2 Kf7 61. Kd3 Bh7+ 62. Ke3 Bg8 63. Kf4 Kf6 64. h7 Bxh7 65. g8Q Bxg8 66. Rxg8 1-0